[Event "Bangkok Rooky op"]
[Site "Bangkok"]
[Date "2023.10.23"]
[Round "7"]
[White "Burbach, Brunel Baron"]
[Black "Nguyen, Thi Minh Oanh"]
[Result "1/2-1/2"]
[WhiteElo "1752"]
[BlackElo "1880"]
[PlyCount "47"]
[EventDate "2023.10.20"]
[EventType "swiss"]
[EventRounds "7"]
[EventCountry "THA"]
[SourceTitle "Mega2024 Update 01"]
[Source "Chessbase"]
[SourceDate "2023.11.12"]
[SourceVersion "1"]
[SourceVersionDate "2023.11.12"]
[SourceQuality "1"]

1. e4 c5 2. Nf3 e6 3. c3 Nc6 4. d4 cxd4 5. cxd4 Nf6 6. Nc3 Bb4 7. Bd3 d5 8. e5 Ne4 9. Bd2 Nxd2 10. Qxd2 0-0 11. 0-0 b6 12. Rac1 Bb7 13. Rfe1 Rc8 14. Ng5 g6 15. Qf4 Kg7 16. Qg4 Nxd4 17. Qxd4 Bxc3 18. Nxe6+ fxe6 19. Rxc3 Rxc3 20. bxc3 Qg5 21. g3 Qd2 22. Re2 Qd1+ 23. Kg2 Rc8 24. f3 1/2-1/2

[Event "Bangkok Rooky op"]
[Site "Bangkok"]
[Date "2023.10.21"]
[Round "3"]
[White "Burbach, Brunel Baron"]
[Black "Gromov, Mikhail"]
[Result "1-0"]
[WhiteElo "1752"]
[BlackElo "1360"]
[PlyCount "61"]
[EventDate "2023.10.20"]
[EventType "swiss"]
[EventRounds "7"]
[EventCountry "THA"]
[SourceTitle "Mega2024 Update 01"]
[Source "Chessbase"]
[SourceDate "2023.11.12"]
[SourceVersion "1"]
[SourceVersionDate "2023.11.12"]
[SourceQuality "1"]

1. e4 g6 2. d4 Bg7 3. Nc3 d6 4. Be3 a6 5. f3 b5 6. Qd2 Nd7 7. h4 h6 8. 0-0-0 Bb7 9. Kb1 Rc8 10. g4 c5 11. Nce2 Nb6 12. Ng3 c4 13. N1e2 Qc7 14. g5 h5 15. f4 f5 16. gxf6 Nxf6 17. Bg2 e6 18. Rhg1 Na4 19. c3 Ng4 20. Bf3 Nxe3 21. Qxe3 0-0 22. f5 Qf7 23. Rdf1 exf5 24. exf5 Bxf3 25. Qxf3 Rce8 26. Nf4 Qe7 27. Nxg6 Qe3 28. Qxe3 Rxe3 29. Nxf8 Kxf8 30. f6 Bh8 31. Nxh5 1-0

[Event "Pattaya CAD op"]
[Site "Pattaya"]
[Date "2023.04.04"]
[Round "6"]
[White "Burbach, Brunel Baron"]
[Black "Sanjay, Vasu"]
[Result "1/2-1/2"]
[WhiteElo "1934"]
[BlackElo "1486"]
[PlyCount "28"]
[EventDate "2023.04.01"]
[EventType "swiss"]
[EventRounds "7"]
[EventCountry "THA"]
[SourceTitle "CBM 213 Extra"]
[Source "ChessBase"]
[SourceDate "2023.05.31"]
[SourceVersion "1"]
[SourceVersionDate "2023.05.31"]
[SourceQuality "1"]

1. e4 e5 2. Nf3 Nf6 3. Nxe5 d6 4. Nf3 Nxe4 5. Nc3 Nxc3 6. dxc3 Be7 7. Bf4 Nd7 8. Be2 0-0 9. 0-0 Nc5 10. Nd4 Re8 11. Bf3 a6 12. c4 Rb8 13. Re1 Bf6 14. Rxe8+ Qxe8 1/2-1/2

[Event "THA-ch 45th"]
[Site "Ayutthaya"]
[Date "2022.04.08"]
[Round "2"]
[White "Kulpruethanon, Thanadon"]
[Black "Burbach, Brunel Baron"]
[Result "1-0"]
[WhiteElo "2303"]
[BlackElo "1792"]
[PlyCount "65"]
[EventDate "2022.04.08"]
[EventType "swiss"]
[EventRounds "9"]
[EventCountry "THA"]
[SourceTitle "CBM 207 Extra"]
[Source "ChessBase"]
[SourceDate "2022.05.31"]
[SourceVersion "1"]
[SourceVersionDate "2022.05.31"]
[SourceQuality "1"]

1. Nf3 d5 2. g3 Nf6 3. Bg2 b5 4. 0-0 e6 5. d3 Be7 6. c4 c6 7. Qc2 Nbd7 8. e4 bxc4 9. exd5 cxd5 10. dxc4 Ba6 11. Nbd2 Nb6 12. c5 Rc8 13. b4 Bxf1 14. Bxf1 0-0 15. Ba6 Rc7 16. Nb3 Nc4 17. Bf4 e5 18. Nxe5 Nxe5 19. Bxe5 Bd6 20. Bd4 Re8 21. Qf5 Bf8 22. Bxf6 Qxf6 23. Qxf6 gxf6 24. Rd1 Rd8 25. Rd4 f5 26. Bd3 Bg7 27. Rf4 Rb8 28. b5 Bf8 29. c6 a6 30. a4 axb5 31. axb5 Rxc6 32. bxc6 Rxb3 33. c7 1-0

[Event "Eastern Asia-ch U14"]
[Site "Tornelo INT"]
[Date "2021.10.31"]
[Round "7"]
[White "Arhan, Chethan Anand"]
[Black "Burbach, Brunel Baron"]
[Result "1-0"]
[WhiteElo "1456"]
[BlackElo "1673"]
[PlyCount "61"]
[EventDate "2021.10.29"]
[EventType "swiss"]
[EventRounds "9"]
[EventCountry "NET"]
[SourceTitle "EXT 2023"]
[Source "ChessBase"]
[SourceDate "2022.10.05"]
[SourceVersion "1"]
[SourceVersionDate "2022.10.05"]
[SourceQuality "1"]

1. d4 Nf6 2. c4 e6 3. Nc3 Bb4 4. Qc2 d5 5. cxd5 exd5 6. Bg5 h6 7. Bh4 c6 8. e3 Nbd7 9. Bd3 0-0 10. Nf3 Re8 11. 0-0 Nf8 12. Ne5 Bd6 13. f4 N8d7 14. g4 Qb6 15. Rae1 Bxe5 16. fxe5 Nxg4 17. Bh7+ Kh8 18. Rxf7 Nf8 19. Bf5 Kg8 20. Bxc8 Raxc8 21. Rf4 h5 22. Na4 Qa5 23. Re2 Qc7 24. h3 Nh6 25. Rg2 Re6 26. Nc5 Ree8 27. Bf6 b6 28. Bxg7 Qxg7 29. Rxg7+ Kxg7 30. Qg2+ Ng6 31. Rf6 1-0